Normale Ansicht MARC-Ansicht ISBD

East Central Europe in the 19th and 20th centuries / (Titelsatznr. 2314)

[ MARC ]
MARC-Details
000 -Satzkennung
Kontrollfeld mit fester Länge 00622nam a22002051c 4500
001 - Kontrollnummer
Kontrollfeld a987684778
008 - Feld mit fester Länge zur physischen Beschreibung - Allgemeine Angaben
Kontrollfeld mit fester Länge 060211s1977 gw a||| 000u ger d
020 ## - Internationale Standardbuchnummer
Internationale Standardbuchnummer 9630513099
Verknüpfung 963-05-1309-9
041 ## - Sprachcode
Sprachcode des Textes/der Tonspur oder des separaten Titels ger
040 ## - Katalogisierungsquelle
Übertragungsstelle RU-10907106
003 - Kontrollnummer Identifier
Kontrollfeld RU-10907106
100 1# - Haupteintragung - Personenname
Personenname Berend, Iván T.
Koha-Normdatenidentnummer 10319
245 00 - Titel
Titel East Central Europe in the 19th and 20th centuries /
Verfasserangabe etc. Iván T. Berend ; György Ránki
264 ## - Produktion, Veröffentlichung, Distribution, Herstellung und Urheberrechtsvermerk
Herstellungs-, Veröffentlichungs- Vertriebs-, Erzeugungsort Budapest :
Produzent, Herausgeber, Distributor, Hersteller Akad. Kiadó,
Datum der Herstellung, der Veröffentlichung, des Vertriebs oder des Urheberschutzvermerks 1977
300 ## - Physische Beschreibung
Umfang 163 S. : Ill
504 ## - Fußnote zu Literaturverzeichnissen usw.
Fußnote zu Bibliographien usw. Literaturverz. S. 163 - [164]
650 #0 - Nebeneintragung unter einem Schlagwort - Sachschlagwort
Sachschlagwort oder geografischer Name als Eintragungselement Ungarn <1800-1977>
Koha-Normdatenidentnummer 10320
700 1# - Nebeneintragung - Personenname
Personenname Ránki, György
Funktionsbezeichnung VerfasserIn
Koha-Normdatenidentnummer 10321
942 ## - Zusätzliche Felder (Koha)
Koha-Medientyp Monographien
Exemplare
Ausgeschieden Verloren Klassifikation oder Aufstellungssystematik Beschädigt Nicht entleihbar Heimatbibliothek Aufenthaltsbibliothek Aufstellungsort Erwerbungsdatum Inventarnummer Signatur Barcode Letzte Aktivität Preis gültig von Koha-Medientyp
    Andere/Generische Klassifikation     MWN Osteuropa MWN Osteuropa Lesesaal - 1 11/02/2006 06-01530 W 50 F b Ber E004015078F6DB10 22/02/2021 22/03/2021 Monographien